|
|
|
|
| LEADER |
01138cam a2200277 a 4500 |
| 001 |
394 |
| 003 |
BD-DhAAL |
| 005 |
20150304110113.0 |
| 008 |
150304s1995 nyua b 001 0 eng |
| 010 |
|
|
|a 94043753
|
| 020 |
|
|
|a 0070463778 (hard)
|
| 040 |
|
|
|a DLC
|c DLC
|d DLC
|d BD-DhAAL
|
| 050 |
0 |
0 |
|a TK5103.2
|b .N46 1995
|
| 082 |
0 |
0 |
|a 621.39/81
|2 20
|
| 100 |
1 |
|
|a Nemzow, Martin A. W.
|9 9039
|
| 245 |
1 |
0 |
|a Implementing wireless networks /
|c Martin Nemzow.
|
| 260 |
|
|
|a New York :
|b McGraw-Hill,
|c c1995.
|
| 300 |
|
|
|a xii, 241 p. :
|b ill. ;
|c 24 cm.
|
| 490 |
|
|
|a McGraw-Hill series on computer communications
|
| 504 |
|
|
|a Includes bibliographical references (p. 159-160) and index.
|
| 541 |
|
|
|e 394
|
| 650 |
|
0 |
|a Wireless communication systems.
|9 9040
|
| 942 |
|
|
|2 ddc
|c BK
|
| 999 |
|
|
|c 33877
|d 33877
|
| 952 |
|
|
|0 0
|1 0
|2 ddc
|4 0
|6 621_398100000000000_NEM
|7 0
|9 52873
|a SCL
|b SCL
|c GEN
|d 2015-03-04
|e Gift: The Asia Foundation
|l 0
|o 621.3981 NEM
|p 3020000394
|r 2015-03-04
|t 1
|w 2015-03-04
|y BK
|
| 952 |
|
|
|0 0
|1 0
|2 ddc
|4 0
|6 621_398100000000000_NEM
|7 0
|9 54101
|a SCL
|b SCL
|c GEN
|d 2015-06-08
|e Gift: The Asia Foundation
|l 0
|o 621.3981 NEM
|p 3020000395
|r 2015-06-08
|t 2
|w 2015-06-08
|y BK
|